[Event "EU-chT U18"]
[Site "Thessaloniki"]
[Date "2022.07.18"]
[Round "7.9"]
[White "Veljanoski, Andrej"]
[Black "Betsakos, Haralampos"]
[Result "1-0"]
[WhiteElo "2162"]
[BlackElo "1183"]
[PlyCount "44"]
[EventDate "2022.07.12"]
[EventType "team-swiss"]
[EventRounds "7"]
[EventCountry "GRE"]
[SourceTitle "CBM 209 Extra"]
[Source "ChessBase"]
[SourceDate "2022.09.30"]
[SourceVersion "1"]
[SourceVersionDate "2022.09.30"]
[SourceQuality "1"]
[WhiteTeam "Macedonia U18"]
[BlackTeam "Greece Triandria U18"]
[WhiteTeamCountry "MKD"]
[BlackTeamCountry "GRE"]

1. e4 c6 2. d4 d5 3. Nd2 dxe4 4. Nxe4 Bf5 5. Ng3 Bg6 6. h4 h6 7. Nf3 Nd7 8. h5 Bh7 9. Bd3 Bxd3 10. Qxd3 e6 11. Bf4 Ngf6 12. 0-0-0 Be7 13. Kb1 Nd5 14. Bd2 Qc7 15. c4 N5f6 16. Ne4 0-0-0 17. Nc3 Kb8 18. Qc2 Bd6 19. g3 Qc8 20. Rh4 e5 21. d5 Nb6 22. Be3 Nxc4 1-0

[Event "GRE-ch North U08/14"]
[Site "Thessaloniki"]
[Date "2020.08.30"]
[Round "7"]
[White "Betsakos, Haralampos"]
[Black "Tsouchnikas, Georgios"]
[Result "0-1"]
[WhiteElo "1148"]
[BlackElo "1437"]
[PlyCount "62"]
[EventDate "2020.08.26"]
[EventType "swiss"]
[EventRounds "9"]
[EventCountry "GRE"]
[SourceTitle "EXT 2023"]
[Source "ChessBase"]
[SourceDate "2022.10.05"]
[SourceVersion "1"]
[SourceVersionDate "2022.10.05"]
[SourceQuality "1"]

1. d4 g6 2. Nf3 Bg7 3. g3 d6 4. Bg2 Nd7 5. 0-0 Ngf6 6. Nbd2 c5 7. e3 Rb8 8. b3 b5 9. a4 b4 10. Bb2 Ba6 11. Re1 d5 12. dxc5 Nxc5 13. Nd4 Qc7 14. Bf1 Bxf1 15. Kxf1 Qd7 16. Kg2 h5 17. N4f3 Kf8 18. Qe2 Nh7 19. Bxg7+ Kxg7 20. e4 d4 21. Nc4 f6 22. e5 Rbe8 23. Rad1 g5 24. Nxd4 Qb7+ 25. Kg1 g4 26. Qe3 Ng5 27. Nf5+ Kh7 28. Nh4 Nce4 29. Nd2 Nc3 30. Qd3+ Kg8 31. Rc1 Nh3+ 0-1

[Event "GRE-ch North U08/14"]
[Site "Thessaloniki"]
[Date "2020.08.27"]
[Round "3"]
[White "Betsakos, Haralampos"]
[Black "Tzontas, Athanasios"]
[Result "1/2-1/2"]
[WhiteElo "1148"]
[BlackElo "1406"]
[PlyCount "100"]
[EventDate "2020.08.26"]
[EventType "swiss"]
[EventRounds "9"]
[EventCountry "GRE"]
[SourceTitle "EXT 2023"]
[Source "ChessBase"]
[SourceDate "2022.10.05"]
[SourceVersion "1"]
[SourceVersionDate "2022.10.05"]
[SourceQuality "1"]

1. d4 Nf6 2. Nf3 e6 3. e3 b6 4. Bd3 Bb7 5. b3 Be7 6. Bb2 0-0 7. 0-0 d5 8. Nbd2 Ne4 9. c4 Nd7 10. Qc2 f5 11. Ne5 Bf6 12. f3 Nxd2 13. Qxd2 g6 14. f4 c5 15. b4 Rc8 16. cxd5 Bxd5 17. Bb5 Nxe5 18. fxe5 Be7 19. bxc5 bxc5 20. Rfc1 Qb6 21. Bf1 Qb7 22. Ba3 cxd4 23. Bxe7 Qxe7 24. exd4 Qa3 25. Rcb1 Rc7 26. Qd3 Qxd3 27. Bxd3 Rc3 28. Rd1 Rfc8 29. a4 a5 30. Kf2 Rb3 31. Rab1 Rcc3 32. Rxb3 Rxb3 33. g3 Rb2+ 34. Be2 Bc4 35. Re1 Bxe2 36. Rxe2 Rb4 37. Rd2 Rxa4 38. h4 Rc4 39. Ke3 Rc3+ 40. Kf4 Rc4 41. Ke3 a4 42. Kd3 Rb4 43. Rc2 Rb3+ 44. Rc3 Rb1 45. Kc4 Kf7 46. Ra3 Rc1+ 47. Kb4 Rd1 48. Kc5 Rc1+ 49. Kb5 Rd1 50. Kc5 Ke8 1/2-1/2

[Event "GRE-chT U16 9th"]
[Site "Thessaloniki"]
[Date "2016.12.17"]
[Round "5.4"]
[White "Betsakos, Haralampos"]
[Black "Stefanou, Dimitrios"]
[Result "1/2-1/2"]
[WhiteElo "1003"]
[BlackElo "1548"]
[PlyCount "83"]
[EventDate "2016.12.15"]
[EventType "team-swiss"]
[EventRounds "6"]
[EventCountry "GRE"]
[SourceTitle "CBM 176 Extra"]
[Source "ChessBase"]
[SourceDate "2017.03.02"]
[SourceVersion "1"]
[SourceVersionDate "2017.03.02"]
[SourceQuality "1"]
[WhiteTeam "Triandrias"]
[BlackTeam "Patron"]
[WhiteTeamCountry "GRE"]
[BlackTeamCountry "GRE"]

1. d4 f5 2. c4 Nf6 3. Nc3 g6 4. Nf3 Bg7 5. Bg5 0-0 6. e3 d6 7. Be2 Qe8 8. 0-0 e5 9. dxe5 dxe5 10. Bxf6 Bxf6 11. Nd5 Qf7 12. Nxf6+ Qxf6 13. Qd5+ Kg7 14. Qxe5 Qxe5 15. Nxe5 Nd7 16. Nxd7 Bxd7 17. Rfd1 Be6 18. b3 Rad8 19. Bf3 b6 20. h3 Kf6 21. Rac1 c5 22. Rc2 Rxd1+ 23. Bxd1 Rd8 24. Be2 Ke5 25. f3 f4 26. e4 g5 27. a3 a5 28. Kf2 h5 29. Ke1 g4 30. Rc3 gxh3 31. gxh3 Bxh3 32. Rc2 h4 33. a4 Bg2 34. Kf2 h3 35. Kg1 Rh8 36. Kh2 Kd4 37. Bd1 Rg8 38. Rd2+ Ke5 39. Rd5+ Ke6 40. Rf5 Rd8 41. Rd5 Rg8 42. Rf5 1/2-1/2